00292nam a2200109Ia 4500020001900000100003400019245003800053082001200091942002100103008004100124999001700165 a9780349117423" aMcCall Smith, Alexander94172 0aIN THE COMPANY OF CHEERFUL LADIES aEF McCA cBK yzCRON CRON210805s9999 xx 000 0 und d c56841d56840